000 00650cam a22002293a 4500
001 9645
003 PGUSA
005 20140828083214.0
008 060101s2006||||xxu|||||s|||||000 1 eng d
040 _aPGUSA
_beng
042 _adc
050 4 _aPQ
100 1 _aHugo, Victor,
_d1802-1885
245 1 0 _aQuatrevingt-Treize
_h[electronic resource] /
_cVictor Hugo
260 _bProject Gutenberg,
_c2006
506 _aPublic domain in the USA.
516 _aElectronic text
653 _aFrance -- History -- Revolution, 1789-1799 -- Fiction
830 0 _aProject Gutenberg
_v9645
856 4 0 _uhttp://www.gutenberg.org/ebooks/9645
942 _cEB
999 _c238901
_d238901